[Event "Politiken Cup 34th"]
[Site "Helsingor"]
[Date "2012.08.05"]
[Round "10"]
[White "Joensen, Tor Kristian"]
[Black "Karlsson, Robin"]
[Result "0-1"]
[WhiteElo "1683"]
[BlackElo "1978"]
[PlyCount "56"]
[EventDate "2012.07.28"]
[EventType "swiss"]
[EventRounds "10"]
[EventCountry "DEN"]
[SourceTitle "CBM 149 Extra"]
[Source "ChessBase"]
[SourceDate "2012.08.24"]
[SourceVersion "1"]
[SourceVersionDate "2012.08.24"]
[SourceQuality "1"]

1. e4 c5 2. Nc3 Nc6 3. g3 g6 4. Bg2 Bg7 5. d3 d6 6. Nge2 e5 7. 0-0 Nge7 8. Be3 0-0 9. f4 Rb8 10. h3 b5 11. Rb1 b4 12. Nd5 Nxd5 13. exd5 Nd4 14. g4 Nxe2+ 15. Qxe2 f5 16. g5 Re8 17. Qd2 a5 18. h4 Ba6 19. Rf3 c4 20. dxc4 Bxc4 21. b3 Ba6 22. fxe5 Rxe5 23. Rf4 Qe7 24. Re1 Re8 25. Kf2 Qc7 26. Bf3 R5e7 27. Rd4 f4 28. Rxf4 Bc3 0-1

[Event "Politiken Cup 34th"]
[Site "Helsingor"]
[Date "2012.08.04"]
[Round "9"]
[White "Sjol, Henrik"]
[Black "Joensen, Tor Kristian"]
[Result "0-1"]
[WhiteElo "1878"]
[BlackElo "1683"]
[PlyCount "98"]
[EventDate "2012.07.28"]
[EventType "swiss"]
[EventRounds "10"]
[EventCountry "DEN"]
[SourceTitle "CBM 149 Extra"]
[Source "ChessBase"]
[SourceDate "2012.08.24"]
[SourceVersion "1"]
[SourceVersionDate "2012.08.24"]
[SourceQuality "1"]

1. d4 Nf6 2. Nf3 e6 3. e3 d5 4. Bd3 c5 5. b3 Nc6 6. Bb2 Be7 7. Nbd2 0-0 8. 0-0 b6 9. a3 Bb7 10. Qe2 a6 11. Ne5 Nxe5 12. dxe5 Nd7 13. f4 Qc7 14. Nf3 b5 15. c4 dxc4 16. bxc4 b4 17. e4 Rad8 18. f5 f6 19. exf6 Nxf6 20. e5 Ne8 21. f6 gxf6 22. exf6 Bxf6 23. Bxf6 Nxf6 24. Ng5 Rde8 25. Rae1 e5 26. Bf5 Bc8 27. Qd3 Bxf5 28. Rxf5 h6 29. Ne4 Nxe4 30. Qxe4 Rxf5 31. Qxf5 Qf7 32. Rxe5 Qxf5 33. Rxf5 b3 34. Rf1 a5 35. a4 Re2 36. h3 Rc2 37. Rb1 b2 38. Kh2 Rxc4 39. Rxb2 Rxa4 40. g4 Rb4 41. Re2 a4 42. Kg2 a3 43. Kf3 Kf7 44. Ke3 Rb3+ 45. Ke4 Ke6 46. Rc2 Rb4+ 47. Kd3 Kd5 48. Ra2 Rb3+ 49. Kc2 Rxh3 0-1